|
|
|
|
| LEADER |
00000nam a2200000 i 4500 |
| 001 |
1/50146 |
| 008 |
070802s2003 gre d |
| 020 |
|
|
|a 960-7980-44-1
|
| 035 |
|
|
|l 10089381
|
| 040 |
|
|
|a GR-MY-UA
|b gre
|e aacr
|
| 041 |
0 |
|
|a gre
|h eng
|
| 082 |
0 |
|
|a 149.97
|2 (22)
|
| 100 |
1 |
|
|a Roberts, John
|d 1955-
|
| 245 |
1 |
0 |
|a Σχετικά με τη φιλοσοφία της καθημερινής ζωής /
|c John Roberts ; μετάφραση: Γιώργος Καράμπελας, Χαράλαμπος Ι. Μπαλτάς
|
| 260 |
|
|
|a Αθήνα :
|b Futura,
|c 2003
|
| 300 |
|
|
|a 68 σ.;
|c 20 εκ.
|
| 504 |
|
|
|a Βιβλιογραφία: σ. 67-68
|
| 650 |
0 |
0 |
|a Postmodernism.
|
| 650 |
0 |
0 |
|a Life.
|
| 650 |
0 |
0 |
|a Conduct of life
|x Philosophy.
|
| 700 |
1 |
|
|a Καράμπελας, Γιώργος.
|4 trl
|
| 700 |
1 |
|
|a Μπάλτας, Χαράλαμπος Ι.
|4 trl
|
| 852 |
|
|
|a INST
|b LESVOS
|e 20070802
|h 149.97 ROB
|p 005100041352
|q 005100041352
|t BK
|y 0
|
| 901 |
|
|
|a BIBL1-2007-2
|
| 909 |
|
|
|a Λ
|b 136677
|
| 922 |
|
|
|a 1ΕΛΗ
|b 200707
|c ΕΠΕΑΕΚ2/ΠΤΕ
|d Σ. ΠΑΤΑΚΗΣ
|
| 970 |
|
|
|a ΚΑΡΑ
|b ΓΙΑΣΕΜΗ
|z 2007/08/02
|